| 000 | 01319cab a2200265 ab4500 | ||
|---|---|---|---|
| 005 | 20241012063741.0 | ||
| 008 | 991125c2015 ck fr p o 000 0 spa d | ||
| 035 | _aUPN01000218024 | ||
| 040 |
_aMX-MxUPN _bspa _cMX-MxUPN _eaacr2 |
||
| 049 | _aART-E | ||
| 100 | 1 | _aBermúdez Zuleta, Alejandra | |
| 245 | 1 | 3 |
_aEl arte del silencio: _baproximaciones clínicas a través del arte en niños y jóvenes sordos _h[recurso electrónico en línea] |
| 506 | 0 | _aAcceso abierto | |
| 520 | 3 | _aLas emociones se han reivindicado como las bases de la motivación y la conducta humana. La psicología, específicamente la psicoterapia, se enfrenta al desafío de integrar este nuevo paradigma. Se enfrenta además a la necesidad de responder por poblaciones que se han visto relegadas en sus servicios, como lo han sido los sordos. La arteterapia se convierte en una opción prometedora. Poiesis | |
| 650 | 4 |
_aEmociones _939 |
|
| 650 | 4 |
_aPsicoterapia _98720 |
|
| 650 | 2 |
_914059 _aDiscapacidad auditiva |
|
| 650 | 2 |
_96005 _aSordos |
|
| 653 | 0 | _aArteterapia | |
| 773 |
_gNo. 29 (2015), p. 1-6 _tPoiesis: revista electrónica de psicología social _x1692-0945 |
||
| 856 | 4 | _uhttp://www.funlam.edu.co/revistas/index.php/poiesis/article/view/1556/1327 | |
| 902 | _bLeonor Sotres/061123 | ||
| 905 | _aArticulo | ||
| 942 | _cART-E | ||
| 999 |
_c190124 _d190124 |
||